Adam Sandler Movies Quiz - Statistics

General Stats
  • This quiz has been taken 50,002 times
    39,729 since last reset
  • The average score is 9 of 16
Answer Stats
Description Movie % Correct
Hockey player takes up golf Happy Gilmore
90%
Remote control gives man god-like powers Click
83%
Unhappy middle-aged men act like children again when they reunite at a lake house Grown Ups
79%
Ukelele-playing man is in love with an amnesiac 50 First Dates
77%
1980s man sings at weddings and falls in love with a waitress The Wedding Singer
74%
Mentally-challenged Cajun harnesses his anger to become a college football legend The Waterboy
73%
Unemployed loser adopts a five year old boy Big Daddy
68%
Dull-witted adult must go back to primary school in order to inherit his father's company Billy Madison
66%
Mild-mannered man must learn the correct way to be angry Anger Management
60%
Man has a twin sister who looks EXACTLY like him Jack & Jill
60%
Limber Israeli commando opens a hair salon where he services his older female clients You Don't Mess With the Zohan
51%
Kindhearted small town man inherits a vast media empire Mr. Deeds
45%
Single parents have a bad blind date, but then run into each other on safari in the country of Africa Blended
37%
Rich Californians act inappropriately toward their Mexican housekeeper and feel guilty about it Spanglish
29%
Terminally-ill comedian takes a young comedian under his wing Funny People
22%
Man earns frequent flier miles by buying pudding and also finds true love Punch Drunk Love
15%
No matching quizzes found
Score Distribution
Percent of People with Each Score
Percentile by Number Answered
Your Score History
You have not taken this quiz since the last reset